[Event "COL pre olympic sf2"]
[Site "Cartagena"]
[Date "2016.05.08"]
[Round "7"]
[White "Barraza, Luis Alberto"]
[Black "Rivera, Ingris"]
[Result "1-0"]
[WhiteElo "1872"]
[BlackElo "2227"]
[PlyCount "65"]
[EventDate "2016.05.04"]
[EventType "swiss"]
[EventRounds "9"]
[EventCountry "COL"]
[SourceTitle "CBM 172 Extra"]
[Source "ChessBase"]
[SourceDate "2016.06.21"]
[SourceVersion "1"]
[SourceVersionDate "2016.06.21"]
[SourceQuality "1"]

1. e4 c5 2. Nf3 d6 3. d4 cxd4 4. Nxd4 Nf6 5. Nc3 a6 6. Bg5 e6 7. f4 Nbd7 8. Qf3 Qc7 9. 0-0-0 b5 10. Bd3 Bb7 11. Rhe1 h6 12. Bh4 Be7 13. Qg3 b4 14. Nd5 Nxd5 15. exd5 Bxh4 16. Qxh4 Bxd5 17. Nf5 Nc5 18. Nxg7+ Kf8 19. Qf6 Rg8 20. Nh5 Nxd3+ 21. Rxd3 Rg6 22. Qd4 Rxg2 23. Rd2 Rxd2 24. Qxd2 Rc8 25. f5 Ke7 26. fxe6 fxe6 27. Rg1 Qc5 28. Rg7+ Kd8 29. Nf6 Rc6 30. Nxd5 Qxd5 31. Qf2 Qf5 32. Rg8+ Kd7 33. Qa7+ 1-0

[Event "COL pre olympic sf2"]
[Site "Cartagena"]
[Date "2016.05.06"]
[Round "5"]
[White "Valle, Efrain"]
[Black "Barraza, Luis Alberto"]
[Result "1/2-1/2"]
[WhiteElo "2105"]
[BlackElo "1872"]
[PlyCount "89"]
[EventDate "2016.05.04"]
[EventType "swiss"]
[EventRounds "9"]
[EventCountry "COL"]
[SourceTitle "CBM 172 Extra"]
[Source "ChessBase"]
[SourceDate "2016.06.21"]
[SourceVersion "1"]
[SourceVersionDate "2016.06.21"]
[SourceQuality "1"]

1. e4 c5 2. Nf3 d6 3. Bc4 Nf6 4. c3 Bg4 5. Qb3 e6 6. Qxb7 Nbd7 7. d3 d5 8. Bb5 Rb8 9. Bxd7+ Nxd7 10. Qc6 Rb6 11. Qa4 Bxf3 12. gxf3 Qc7 13. f4 Be7 14. Rg1 0-0 15. Nd2 Rd8 16. Nf3 c4 17. d4 dxe4 18. Ne5 Nxe5 19. fxe5 e3 20. Qc2 exf2+ 21. Qxf2 Qb7 22. Qg2 g6 23. Qxb7 Rxb7 24. Rg2 Rdb8 25. Ke2 f6 26. b4 cxb3 27. axb3 fxe5 28. dxe5 Rxb3 29. Rxa7 Rxc3 30. Bd2 Bc5 31. Rc7 Rc4 32. Kd3 Rd4+ 33. Kc2 Rd5 34. h4 Bd4 35. h5 Bxe5 36. Rc4 Bg7 37. hxg6 Rb2+ 38. Kc1 Rbxd2 39. gxh7+ Kxh7 40. Rh4+ Bh6 41. Rxd2 Rxd2 42. Rxh6+ Kxh6 43. Kxd2 Kg5 44. Ke3 Kf5 45. Kf3 1/2-1/2

[Event "COL pre olympic sf2"]
[Site "Cartagena"]
[Date "2016.05.05"]
[Round "3"]
[White "Martinez Caamano, Jesus David"]
[Black "Barraza, Luis Alberto"]
[Result "0-1"]
[WhiteElo "1488"]
[BlackElo "1872"]
[PlyCount "60"]
[EventDate "2016.05.04"]
[EventType "swiss"]
[EventRounds "9"]
[EventCountry "COL"]
[SourceTitle "CBM 172 Extra"]
[Source "ChessBase"]
[SourceDate "2016.06.21"]
[SourceVersion "1"]
[SourceVersionDate "2016.06.21"]
[SourceQuality "1"]

1. e4 c5 2. Nf3 d6 3. c3 Nf6 4. Bd3 g6 5. Bc2 Bg7 6. d4 Nc6 7. dxc5 dxc5 8. Qxd8+ Nxd8 9. Be3 b6 10. Nbd2 Bb7 11. 0-0 0-0 12. Rac1 Nc6 13. h3 Rad8 14. Rfd1 h6 15. Nc4 Nd7 16. Bf4 Ba6 17. Ne3 Be2 18. Rd2 Bxf3 19. gxf3 Nde5 20. Rxd8 Rxd8 21. Kg2 g5 22. Bxe5 Nxe5 23. Rd1 Rxd1 24. Bxd1 Nd3 25. b3 Bxc3 26. Nd5 Bf6 27. Be2 Nc1 28. Bc4 Nxa2 29. Ne3 e6 30. f4 Nc3 0-1

[Event "COL-ch U2000"]
[Site "Medellin"]
[Date "2016.??.??"]
[Round "4.8"]
[White "Barraza, Luis Alberto"]
[Black "Hernandez Pinzon, Helvert"]
[Result "1-0"]
[WhiteElo "1872"]
[BlackElo "1977"]
[PlyCount "67"]
[EventDate "2016.02.29"]
[EventType "swiss"]
[EventRounds "9"]
[EventCountry "COL"]
[SourceTitle "EXT 2024"]
[Source "ChessBase"]
[SourceDate "2023.10.10"]
[SourceVersion "1"]
[SourceVersionDate "2023.10.10"]
[SourceQuality "1"]

1. e4 c5 2. Nf3 d6 3. d4 cxd4 4. Nxd4 Nf6 5. Nc3 a6 6. f3 e5 7. Nb3 Be6 8. Be3 Be7 9. Qd2 Qc7 10. 0-0-0 b5 11. Kb1 0-0 12. g4 b4 13. Nd5 Bxd5 14. exd5 a5 15. g5 Nh5 16. Rg1 Nd7 17. h4 a4 18. Nc1 Rfb8 19. Rg4 Qb7 20. Rc4 Ng3 21. Bh3 b3 22. cxb3 axb3 23. a3 f5 24. Bf2 f4 25. Qc3 Bd8 26. Rc6 Ba5 27. Qc4 Nb6 28. Qb5 Na4 29. Qxb7 Rxb7 30. Rxd6 Bc3 31. Nd3 Nxb2 32. Nxb2 Rxa3 33. Be6+ Kf8 34. Bc5 1-0

[Event "COL-ch Amateur"]
[Site "Villavicencio"]
[Date "2015.02.20"]
[Round "6"]
[White "Mena, Yamil Octavio"]
[Black "Barraza, Luis Alberto"]
[Result "0-1"]
[WhiteElo "1964"]
[BlackElo "1872"]
[PlyCount "80"]
[EventDate "2015.02.18"]
[EventType "swiss"]
[EventRounds "9"]
[EventCountry "COL"]
[SourceTitle "CBM 165 Extra"]
[Source "ChessBase"]
[SourceDate "2015.04.21"]
[SourceVersion "1"]
[SourceVersionDate "2015.04.21"]
[SourceQuality "1"]

1. e4 c5 2. Nf3 d6 3. d4 cxd4 4. Nxd4 Nf6 5. Nc3 a6 6. Bc4 e6 7. Bb3 Be7 8. Be3 b5 9. f3 Qc7 10. Qd2 0-0 11. g4 Nbd7 12. h4 Nb6 13. h5 Nc4 14. Bxc4 Qxc4 15. g5 Ne8 16. b3 Qc7 17. 0-0-0 d5 18. exd5 Bb4 19. Nde2 Bb7 20. Qd4 Qa5 21. Kb1 Rc8 22. Rd3 Nd6 23. Bc1 Nf5 24. Qe5 Bd6 25. Qe4 b4 26. Nd1 Bxd5 27. Qg4 Be5 28. Bb2 Qc7 29. c4 bxc3 30. Ndxc3 Ne3 31. Qh3 Ba8 32. Rc1 Qa7 33. g6 Nd5 34. gxf7+ Qxf7 35. Ne4 Rxc1+ 36. Nxc1 Bxb2 37. Kxb2 Nf4 38. Qg4 Nxd3+ 39. Nxd3 Qf5 40. Qh4 Qxf3 0-1

[Event "COL-ch Amateur"]
[Site "Villavicencio"]
[Date "2015.02.18"]
[Round "2"]
[White "Ramirez, Francisco Javier"]
[Black "Barraza, Luis Alberto"]
[Result "0-1"]
[WhiteElo "1973"]
[BlackElo "1872"]
[PlyCount "74"]
[EventDate "2015.02.18"]
[EventType "swiss"]
[EventRounds "9"]
[EventCountry "COL"]
[SourceTitle "CBM 165 Extra"]
[Source "ChessBase"]
[SourceDate "2015.04.21"]
[SourceVersion "1"]
[SourceVersionDate "2015.04.21"]
[SourceQuality "1"]

1. e4 c5 2. Nf3 d6 3. d4 cxd4 4. Nxd4 Nf6 5. Nc3 a6 6. a4 e6 7. a5 Be7 8. Be2 0-0 9. 0-0 Nbd7 10. Kh1 Qc7 11. f4 b5 12. Bf3 Bb7 13. Qe2 Rfe8 14. g4 b4 15. Nb1 Nc5 16. Nd2 Bf8 17. g5 Nfd7 18. b3 e5 19. fxe5 Nxe5 20. Bg2 Ng6 21. Qg4 Nd7 22. Bb2 Nde5 23. Qg3 Rad8 24. h4 d5 25. exd5 Bxd5 26. Bxd5 Rxd5 27. Nc4 Qb7 28. Kg1 Bc5 29. Rad1 Red8 30. h5 Bxd4+ 31. Rxd4 Rxd4 32. Bxd4 Rxd4 33. Ne3 Qe4 34. hxg6 hxg6 35. Rf2 Ng4 36. Nxg4 Qxg4 37. Kh2 Qh5+ 0-1

[Event "Pan American Amateur-ch"]
[Site "San Andres Islas"]
[Date "2014.08.27"]
[Round "3"]
[White "Barraza, Luis Alberto"]
[Black "Vallejo, Sixto"]
[Result "1-0"]
[WhiteElo "1984"]
[BlackElo "1766"]
[PlyCount "191"]
[EventDate "2014.08.26"]
[EventType "swiss"]
[EventRounds "9"]
[EventCountry "COL"]
[SourceTitle "EXT 2016"]
[Source "ChessBase"]
[SourceDate "2015.10.08"]
[SourceVersion "1"]
[SourceVersionDate "2015.10.08"]
[SourceQuality "1"]

1. e4 e5 2. Nf3 Nc6 3. Bb5 d6 4. c3 Bd7 5. Ba4 Be7 6. h3 Nf6 7. d3 h6 8. 0-0 0-0 9. Re1 Nh7 10. d4 Bf6 11. d5 Ne7 12. Bxd7 Qxd7 13. Nbd2 Ng6 14. Nf1 Qe7 15. Ng3 Nf4 16. Nf5 Qd8 17. Bxf4 exf4 18. Qd2 Be5 19. Nxe5 dxe5 20. Qe2 Qg5 21. h4 Qf6 22. g3 fxg3 23. fxg3 Rae8 24. Rf1 Qg6 25. Rad1 Qb6+ 26. Kg2 Nf6 27. Rf2 Kh7 28. Rdf1 Ng8 29. g4 Qg6 30. Kh3 f6 31. Qb5 b6 32. Qa6 Qf7 33. b3 Ra8 34. a4 Ne7 35. Ng3 Ng6 36. Nh5 Qe7 37. Rf5 Qc5 38. Qd3 Rad8 39. Qg3 Qe7 40. R5f2 Rd6 41. c4 a5 42. Rf3 Qd8 43. Qf2 Qc8 44. Rg3 c6 45. Qf5 Rg8 46. Rfg1 Qxf5 47. gxf5 Nf4+ 48. Nxf4 exf4 49. Rg4 c5 50. Rxf4 Re8 51. h5 Re7 52. Re1 Re5 53. Rf3 Kh8 54. Kg4 Kh7 55. Kf4 Kh8 56. Rf2 Kh7 57. Ke3 Re7 58. Kd3 Re5 59. Ra2 Rd7 60. Raa1 Kg8 61. b4 cxb4 62. Kd4 Rc7 63. Rac1 Rc5 64. Re3 Kf8 65. Rb3 Ke7 66. Rg3 Kf8 67. Rcg1 Rc7 68. d6 Rd7 69. Rxg7 Rxd6+ 70. Ke3 Ke8 71. Rh7 Re7 72. Rxh6 Kd7 73. Rhg6 Kc6 74. h6 Rh7 75. Rh1 Kc7 76. Rg7+ Rd7 77. Rxd7+ Kxd7 78. Kd4 Kd6 79. Rh3 Kc6 80. e5 fxe5+ 81. Kxe5 Kc5 82. f6 Kxc4 83. Ke6 b3 84. f7 Rh8 85. Ke7 b2 86. Rh1 Rxh6 87. Rb1 Rh2 88. f8Q Re2+ 89. Kd6 Rd2+ 90. Kc6 Kb3 91. Qf7+ Kc2 92. Qf5+ Kb3 93. Kxb6 Ka2 94. Kxa5 Rd5+ 95. Qxd5+ Kxb1 96. Kb4 1-0

[Event "Pan American Amateur-ch"]
[Site "San Andres Islas"]
[Date "2014.08.26"]
[Round "1"]
[White "Barraza, Luis Alberto"]
[Black "Toro Henao, Juan Sebastian"]
[Result "0-1"]
[WhiteElo "1984"]
[BlackElo "1777"]
[PlyCount "170"]
[EventDate "2014.08.26"]
[EventType "swiss"]
[EventRounds "9"]
[EventCountry "COL"]
[SourceTitle "EXT 2016"]
[Source "ChessBase"]
[SourceDate "2015.10.08"]
[SourceVersion "1"]
[SourceVersionDate "2015.10.08"]
[SourceQuality "1"]

1. e4 c5 2. Nf3 Nc6 3. d4 cxd4 4. Nxd4 Nf6 5. Nc3 d6 6. Be3 a6 7. Be2 Bd7 8. g4 h5 9. gxh5 e6 10. Qd2 Qc7 11. 0-0-0 b5 12. Bf3 b4 13. Nce2 e5 14. Nxc6 Bxc6 15. Ng3 a5 16. Kb1 a4 17. Rhe1 Bd7 18. Bg5 Be6 19. Bxf6 gxf6 20. Nf5 Ra6 21. Qxb4 Rb6 22. Qxa4+ Bd7 23. Qa8+ Rb8 24. Qd5 Rb6 25. Re3 Be6 26. Qa8+ Rb8 27. Rc3 Rxa8 28. Rxc7 Bxa2+ 29. Kc1 Be6 30. Nxd6+ Kd8 31. Nxf7+ Kxc7 32. Nxh8 Bh6+ 33. Kb1 Rxh8 34. b3 Bf8 35. Kb2 Bc5 36. Rg1 Bxf2 37. Rg6 Bh4 38. c4 Kd6 39. Rg1 Bf7 40. Rd1+ Kc6 41. b4 Bxc4 42. Kc3 Bf7 43. Be2 Bxh5 44. b5+ Kc7 45. Bxh5 Rxh5 46. Kc4 Bf2 47. Kd5 Rxh2 48. Rc1+ Kb6 49. Rc6+ Kxb5 50. Rxf6 Bg3 51. Rf3 Rd2+ 52. Ke6 Bf4 53. Rb3+ Kc4 54. Rb8 Kd4 55. Kf5 Rh2 56. Rb4+ Kc5 57. Ra4 Rh5+ 58. Ke6 Rh6+ 59. Kf5 Rb6 60. Ra8 Kd6 61. Rg8 Ke7 62. Rg7+ Kf8 63. Ra7 Rd6 64. Rb7 Rd8 65. Ra7 Re8 66. Kf6 Kg8 67. Rb7 Be3 68. Kg6 Ra8 69. Rg7+ Kf8 70. Rh7 Ra7 71. Rh8+ Ke7 72. Kf5 Bd4 73. Rh6 Ra2 74. Rh7+ Kd6 75. Rh6+ Kc5 76. Rh8 Kc4 77. Rh1 Rf2+ 78. Ke6 Rf4 79. Re1 Bc3 80. Re3 Kd4 81. Rxc3 Kxc3 82. Kxe5 Rf1 83. Kd5 Rd1+ 84. Kc5 Kd3 85. Kd5 Ke3+ 0-1

[Event "Maicao op 3rd"]
[Site "Maicao"]
[Date "2014.05.03"]
[Round "6"]
[White "Barraza, Luis Alberto"]
[Black "Guzman Mellado, Arcadio"]
[Result "1-0"]
[WhiteElo "1810"]
[BlackElo "1922"]
[PlyCount "44"]
[EventDate "2014.05.01"]
[EventType "swiss"]
[EventRounds "7"]
[EventCountry "COL"]
[SourceTitle "CBM 160 Extra"]
[Source "ChessBase"]
[SourceDate "2014.07.01"]
[SourceVersion "1"]
[SourceVersionDate "2014.07.01"]
[SourceQuality "1"]

1. e4 e5 2. Nf3 Nf6 3. Nc3 Nc6 4. Bb5 Nd4 5. Bc4 Bc5 6. d3 d6 7. Nxd4 Bxd4 8. Ne2 Bb6 9. h3 c6 10. Ng3 Be6 11. 0-0 Qd7 12. a4 Bxh3 13. gxh3 Qxh3 14. Qf3 0-0 15. a5 Bd8 16. Qg2 Qxg2+ 17. Kxg2 d5 18. Bb3 h6 19. Kf3 Kh7 20. Rh1 dxe4+ 21. dxe4 b6 22. Nf5 h5 1-0